El e-recruitment o la selección 2.0 y sus límites legales (Registro nro. 50235)
[ vista simple ]
| 000 -CABECERA | |
|---|---|
| Longitud fija campo de control | 01201naa a2200325 c 4500 |
| 001 - NÚMERO DE CONTROL | |
| Número de control | 50235 |
| 003 - IDENTIFICADOR DE NÚMERO DE CONTROL | |
| Identificador del número de control | ES-MaCES |
| 005 - FECHA Y HORA DE LA ÚLTIMA TRANSACCIÓN | |
| Fecha y hora de la última transacción | 20171120123807.0 |
| 008 - CAMPO FIJO DE DESCRIPCIÓN FIJA--INFORMACIÓN GENERAL | |
| Códigos de información de longitud fija | 171120s2017 sz ||||| t||||||| ||spa d |
| 040 ## - FUENTE DE CATALOGACIÓN | |
| Centro catalogador de origen | ES-MaCES |
| Lengua de catalogación | spa |
| Centro transcriptor | ES-MaCES |
| Centro modificado | ES-MaCES |
| 100 1# - ENCABEZAMIENTO PRINCIPAL--NOMBRE PERSONAL | |
| 9 (RLIN) | 8822 |
| Nombre de persona | Camós Victoria, Ignacio |
| 245 13 - MENCIÓN DE TÍTULO | |
| Título | El e-recruitment o la selección 2.0 y sus límites legales |
| Mención de responsabilidad, etc. | Ignacio Camós Victoria |
| 500 ## - NOTA GENERAL | |
| Nota general | Resumen |
| 504 ## - NOTA DE BIBLIOGRAFÍA, ETC. | |
| Nota de bibliografía, etc. | Bibliografía: p. 143-145 |
| 650 #4 - ASIENTO SECUNDARIO DE MATERIA--TÉRMINO DE MATERIA | |
| 9 (RLIN) | 28291 |
| Término de materia o nombre geográfico como elemento inicial | recursos humanos |
| 650 #4 - ASIENTO SECUNDARIO DE MATERIA--TÉRMINO DE MATERIA | |
| 9 (RLIN) | 28294 |
| Término de materia o nombre geográfico como elemento inicial | oferta de mano de obra |
| 650 #4 - ASIENTO SECUNDARIO DE MATERIA--TÉRMINO DE MATERIA | |
| 9 (RLIN) | 30039 |
| Término de materia o nombre geográfico como elemento inicial | selección |
| 650 #4 - ASIENTO SECUNDARIO DE MATERIA--TÉRMINO DE MATERIA | |
| 9 (RLIN) | 28323 |
| Término de materia o nombre geográfico como elemento inicial | contratación |
| 650 #4 - ASIENTO SECUNDARIO DE MATERIA--TÉRMINO DE MATERIA | |
| 9 (RLIN) | 30788 |
| Término de materia o nombre geográfico como elemento inicial | nuevas tecnologías |
| 650 #4 - ASIENTO SECUNDARIO DE MATERIA--TÉRMINO DE MATERIA | |
| 9 (RLIN) | 28236 |
| Término de materia o nombre geográfico como elemento inicial | cambio tecnológico |
| 650 #4 - ASIENTO SECUNDARIO DE MATERIA--TÉRMINO DE MATERIA | |
| 9 (RLIN) | 30572 |
| Término de materia o nombre geográfico como elemento inicial | Internet |
| 650 #4 - ASIENTO SECUNDARIO DE MATERIA--TÉRMINO DE MATERIA | |
| 9 (RLIN) | 30592 |
| Término de materia o nombre geográfico como elemento inicial | red social |
| 650 #4 - ASIENTO SECUNDARIO DE MATERIA--TÉRMINO DE MATERIA | |
| 9 (RLIN) | 27180 |
| Término de materia o nombre geográfico como elemento inicial | discriminación |
| 650 #4 - ASIENTO SECUNDARIO DE MATERIA--TÉRMINO DE MATERIA | |
| 9 (RLIN) | 30649 |
| Término de materia o nombre geográfico como elemento inicial | igualdad de oportunidades en el empleo |
| 650 #4 - ASIENTO SECUNDARIO DE MATERIA--TÉRMINO DE MATERIA | |
| 9 (RLIN) | 29496 |
| Término de materia o nombre geográfico como elemento inicial | protección de los datos |
| 653 10 - TÉRMINO DE INDEXACIÓN--NO CONTROLADO | |
| Término no controlado | Empleo |
| 773 0# - ENTRADA DE DOCUMENTO FUENTE | |
| Itemnumber del ítem fuente | 86615 |
| Lugar, editor y fecha de publicación | Bern [etc.] Peter Lang [2017] |
| Otro identificador del documento | 089512 |
| Título | Los actuales cambios sociales y laborales : nuevos retos para el mundo del trabajo |
| Número de control del registro relacionado | (ES-MaCES)50006 |
| Número Internacional Normalizado para Libros (ISBN) | 9783034328517 |
| Parte(s) relacionada(s) | p. 115-145. - SG-2.0.-410 |
| 902 ## - CES. TIPO DE DOCUMENTO | |
| Tipodoc (006$c Sirtex) | ARL Artículo de libro |
| 942 ## - ELEMENTOS KOHA | |
| Fuente de clasificaión o esquema | Clasificación propia del CES |
| Koha [por defecto] tipo de item | Artículos (1982-2017) |
| Parte de clasificación | Relaciones Laborales y Rel. Lab.- Empleo |
No hay ítems disponibles.
